01360nam a2200253Ia 4500008004100000020001800041050001900059082001500078245013700093260012300230300001800353337001000371338001400381440002400395500007600419505036300495650003900858700003700897700003500934700002500969700003200994700003601026700004401062120626s20102013mx 000 0 spa d a9786074622010 aF1210 E72 2010 a917.2 H629 aHistoria mínima de la vida cotidiana en México c/ Pablo Escalante Gonzalbo, ...[et. al]; epílogo de Veronica Zárate Toscano aMéxico b: El Colegio de México, Centro de Estudios Historicos, Seminario de Historia de la Vida Cotidianac, 2010 a293 páginas atexto asin medio a(Historia mínima) aReimpresiones: Primera reimp. de 2013 Incluye bibliografía p. 287-293 aPablo Escalante Gonzalbo - La vida cotidiana entre los antiguos Nahuas. Pilar Gonzalbo Aizpuru - La vida cotidiana en la nueva España. Anne Staples - El siglo XIX. Engracia Loyo Bravo - El México revolucionario (1910-1940). Cecilia Greaves Lainé - El México contemporáneo (1940-1980). Verónica Zárate Toscano - Epílogo : los últimos años.14aMÉXICOxVIDA SOCIAL Y COSTUMBRES aEscalante Gonzalbo, Pablo, autor aGonzalbo Aizpuru, Pilar, autor aStaples, Anne, autor aLoyo Bravo, Engracia, autor aGreaves Lainé, Cecilia, autor aZárate Toscano, Verónica, epílogo